000 00412nmm a2200157Ia 4500
008 251105s9999||||xx |||||||||||||||||und||
041 _aspa
100 _aArmstrong, Lindsay
245 0 _aCorazones sin rumbo
264 _a[Madrid, España] :
_bHarlequin,
_c2012
300 _a160 páginas
490 _aBianca
650 _aRomance
856 _uhttps://public.digitaliapublishing.com/a/50273
942 _cCF
999 _c98561
_d98561